Manejo del suelo
Guardat en:
| Autor principal: | |
|---|---|
| Altres autors: | , |
| Format: | Llibre |
| Idioma: | espanyol |
| Publicat: |
Buenos Aires, Argentina
El Ateneo
1987
|
| Col·lecció: | Agronomía y Veterinaria
|
| Matèries: | |
| Etiquetes: |
Afegir etiqueta
Sense etiquetes, Sigues el primer a etiquetar aquest registre!
|
MARC
| LEADER | 00000nam a2200000 a 4500 | ||
|---|---|---|---|
| 001 | UCO9242 | ||
| 003 | CL-VaPUC | ||
| 005 | 20241014124814.0 | ||
| 008 | 010125e19870000AG |||||||||||||||||spa|d | ||
| 999 | |c 293514 |d 293512 | ||
| 040 | |c Pontificia Universidad Católica de Valparaíso | ||
| 082 | 0 | 4 | |a 631.4 DAV 1987 |2 21 |
| 100 | 0 | |a Davies, Bryan |9 454277 | |
| 245 | 1 | 0 | |a Manejo del suelo |
| 260 | 0 | 3 | |a Buenos Aires, Argentina |b El Ateneo |c 1987 |
| 300 | |a 228 páginas | ||
| 490 | 0 | |a Agronomía y Veterinaria | |
| 583 | |a last modification |c 20010125 00:00:00 |k Rodrigo Vera | ||
| 650 | 0 | |a Suelos |9 260322 | |
| 650 | 7 | |a NUTRICION DE LAS PLANTAS |2 CL-VaPUC |9 264276 | |
| 650 | 0 | |a Agua del suelo |9 348474 | |
| 650 | 0 | |a Drenaje de suelo |9 401596 | |
| 650 | 0 | |a Erosión |9 262782 | |
| 650 | 0 | |a Contaminación ambiental |9 314181 | |
| 700 | 0 | |a Eagle, David |9 454278 | |
| 700 | 0 | |a Finney, Brian |9 454279 | |
| 942 | |c BK |2 ddc | ||
| 945 | |d 20010125 00:00:00 |a cmena | ||